000
00214nam a2200097Ia 4500
008
220204s9999 xx 000 0 und d
082
_a
82-3
_b
VEE
100
_a
Veena Paintal
245
0
_a
Spring returns
942
_c
BK
999
_c
28568
_d
28568